00485 2200181 4500001002100000005001700021008004100038020002200079035002500101041000700126082001200133090001800145100001700163245005200180250000600232260003800238300002700276INLIS0000000000072490:yyyyMMddHHmmss180719||||||||| | ||| |||| || |  a978-979-29-2454-1 a0010-031300000007249 aid0 a796.522 a796.522 WIJ r0 aHarry Wijaya00aRekam jejak pendakian ke 44 gunung di nusantara a1 aYogyakartabANDI Yogyakartac2011 ax + 406 hal.; 24,5 cm.